Dược lâm sàng Sách dùng đào tạo dược sĩ đại học

Vài nét khái quát về dược lâm sàng. Các nguyên tắc cơ bản trong sử dụng một số thuốc kháng sinh, vitamin, chất khoáng, thuốc chống viêm... cho các loại lứa tuổi

Guardat en:
Dades bibliogràfiques
Autor principal: Hoàng Thị Kim Huyền (Chủ biên)
Altres autors: Đặng Hanh Phức, Phan Quỳnh Lan, Phạm Thị Thuý Vân, Nguyễn Thị Liên Hương
Format: Llibre
Idioma:Vietnamese
Publicat: H. Y học 2011
Matèries:
Etiquetes: Afegir etiqueta
Sense etiquetes, Sigues el primer a etiquetar aquest registre!
Thư viện lưu trữ: Thư viện Trường Đại học Nam Cần Thơ
LEADER 02833aam a22003858a 4500
001 NCT_9646
008 060605s2006 ||||||viesd
999 |c 475  |d 475 
020 |c 54000 
082 0 4 |2 23rd ed.  |a 615.1  |b D557 
100 1 |a Hoàng Thị Kim Huyền  |e Chủ biên 
245 |a Dược lâm sàng  |b Sách dùng đào tạo dược sĩ đại học  |c Hoàng Thị Kim Huyền (chủ biên) 
260 |a H.  |b Y học  |c 2011 
300 |a 235tr.  |b hình vẽ, bảng  |c 27cm 
500 |a ĐTTS ghi: Bộ Y tế 
520 3 |a Vài nét khái quát về dược lâm sàng. Các nguyên tắc cơ bản trong sử dụng một số thuốc kháng sinh, vitamin, chất khoáng, thuốc chống viêm... cho các loại lứa tuổi 
653 |a Dược học 
655 |a Dược học 
700 1 |a Đặng Hanh Phức 
700 1 |a Hoàng Thị Kim Huyền  |e Chủ biên 
700 1 |a Phan Quỳnh Lan 
700 1 |a Phạm Thị Thuý Vân 
700 1 |a Nguyễn Thị Liên Hương 
942 |2 ddc  |c BK 
952 |0 0  |1 0  |2 ddc  |4 0  |6 615_100000000000000_D557  |7 0  |9 3260  |a 000001  |b 000001  |d 2017-11-10  |l 5  |m 3  |o 615.1 D557  |p MD.05701  |r 2020-12-24  |s 2020-12-07  |v 54000.00  |w 2017-11-10  |y BK 
952 |0 0  |1 0  |2 ddc  |4 0  |6 615_100000000000000_D557  |7 0  |9 3261  |a 000001  |b 000001  |d 2017-11-10  |l 5  |o 615.1 D557  |p MD.05702  |r 2020-11-11  |s 2020-10-31  |v 54000.00  |w 2017-11-10  |y BK 
952 |0 0  |1 0  |2 ddc  |4 0  |6 615_100000000000000_D557  |7 0  |9 3262  |a 000001  |b 000001  |d 2017-11-10  |l 6  |m 2  |o 615.1 D557  |p MD.05703  |r 2020-12-24  |s 2020-12-07  |v 54000.00  |w 2017-11-10  |y BK 
952 |0 0  |1 0  |2 ddc  |4 0  |6 615_100000000000000_D557  |7 0  |9 3263  |a 000001  |b 000001  |d 2017-11-10  |l 4  |o 615.1 D557  |p MD.05704  |r 2020-12-07  |s 2020-11-24  |v 54000.00  |w 2017-11-10  |y BK 
952 |0 0  |1 0  |2 ddc  |4 0  |6 615_100000000000000_D557  |7 0  |9 3264  |a 000001  |b 000001  |d 2017-11-10  |l 6  |o 615.1 D557  |p MD.05706  |r 2020-12-07  |s 2020-11-24  |v 54000.00  |w 2017-11-10  |y BK 
952 |0 0  |1 0  |2 ddc  |4 0  |6 615_100000000000000_D557  |7 0  |9 3265  |a 000001  |b 000001  |d 2017-11-10  |l 4  |m 1  |o 615.1 D557  |p MD.05707  |r 2020-11-24  |s 2020-11-06  |v 54000.00  |w 2017-11-10  |y BK 
952 |0 0  |1 0  |2 ddc  |4 0  |6 615_100000000000000_D557  |7 0  |9 3266  |a 000001  |b 000001  |d 2017-11-10  |l 3  |m 3  |o 615.1 D557  |p MD.05708  |r 2020-11-25  |s 2020-11-06  |v 54000.00  |w 2017-11-10  |y BK 
952 |0 0  |1 0  |2 ddc  |4 0  |6 615_100000000000000_D557  |7 0  |9 3267  |a 000001  |b 000001  |d 2017-11-10  |o 615.1 D557  |p MD.05709  |r 2017-11-10  |v 54000.00  |w 2017-11-10  |y BK 
952 |0 0  |1 0  |2 ddc  |4 0  |6 615_100000000000000_D557  |7 0  |9 17952  |a 000001  |b 000001  |d 2019-09-19  |l 3  |m 1  |o 615.1 D557  |p MD.16110  |r 2020-03-11  |s 2020-03-04  |v 54000.00  |w 2019-09-19  |y BK 
952 |0 0  |1 0  |2 ddc  |4 0  |6 615_100000000000000_D557  |7 0  |9 20702  |a 000001  |b 000001  |d 2020-10-29  |l 2  |m 1  |o 615.1 D557  |p MD.09076  |r 2020-12-24  |s 2020-12-07  |v 54000.00  |w 2020-10-29  |y BK 
980 |a Thư viện Trường Đại học Nam Cần Thơ